000
00293nam a22001337a 4500
008
170724b xxu||||| |||| 00| 0 eng d
020
_a
9780134638379
041
_a
eng
080
_a
004
100
_a
29
101
_a
SHKI
245
_a
INFORMATION RETRIEVAL
_c
FRAKES, W.B
942
_2
udc
_c
BK
999
_c
21812
_d
21812